<?xml version="1.0" encoding="UTF-8"?>
<record
    xmlns:xsi="http://www.w3.org/2001/XMLSchema-instance"
    xsi:schemaLocation="http://www.loc.gov/MARC21/slim http://www.loc.gov/standards/marcxml/schema/MARC21slim.xsd"
    xmlns="http://www.loc.gov/MARC21/slim">

  <leader>02918nam a2200469Ia 4500</leader>
  <controlfield tag="001">216</controlfield>
  <controlfield tag="008">241029s9999    xx            000 0 und d</controlfield>
  <datafield tag="041" ind1=" " ind2=" ">
    <subfield code="a">Espa&#xF1;ol</subfield>
  </datafield>
  <datafield tag="082" ind1=" " ind2=" ">
    <subfield code="a">MIP-0001</subfield>
  </datafield>
  <datafield tag="245" ind1=" " ind2="0">
    <subfield code="a">Los Errores Constructivos de la Producci&#xF3;n Escrita en Ni&#xF1;os y Ni&#xF1;as de 7mo. Grado de la Escuela B&#xE1;sica Buenas Nuevas, 2009-2010</subfield>
  </datafield>
  <datafield tag="260" ind1=" " ind2=" ">
    <subfield code="a">Distrito Nacional</subfield>
  </datafield>
  <datafield tag="300" ind1=" " ind2=" ">
    <subfield code="a">59</subfield>
  </datafield>
  <datafield tag="520" ind1=" " ind2=" ">
    <subfield code="a">12</subfield>
  </datafield>
  <datafield tag="650" ind1=" " ind2=" ">
    <subfield code="a">Competencia Ling&#xFC;&#xED;stica</subfield>
  </datafield>
  <datafield tag="690" ind1=" " ind2=" ">
    <subfield code="a">Elaborado</subfield>
  </datafield>
  <datafield tag="901" ind1=" " ind2=" ">
    <subfield code="a">{"1":"Rober","2":"Mart&#xED;nez"}</subfield>
    <subfield code="b">{"1":"Victoria","2":"Mar&#xED;a"}</subfield>
  </datafield>
  <datafield tag="902" ind1=" " ind2=" ">
    <subfield code="a">1</subfield>
  </datafield>
  <datafield tag="903" ind1=" " ind2=" ">
    <subfield code="a">{"1":"Amiama"}</subfield>
    <subfield code="b">{"1":"Cristina"}</subfield>
  </datafield>
  <datafield tag="904" ind1=" " ind2=" ">
    <subfield code="a">Maestr&#xED;a en</subfield>
  </datafield>
  <datafield tag="905" ind1=" " ind2=" ">
    <subfield code="a">Intervenci&#xF3;n Psicopedag&#xF3;gica</subfield>
  </datafield>
  <datafield tag="906" ind1=" " ind2=" ">
    <subfield code="a">2</subfield>
  </datafield>
  <datafield tag="907" ind1=" " ind2=" ">
    <subfield code="a">NO APLICA</subfield>
  </datafield>
  <datafield tag="908" ind1=" " ind2=" ">
    <subfield code="a">NO APLICA</subfield>
  </datafield>
  <datafield tag="909" ind1=" " ind2=" ">
    <subfield code="a">Universidad Iberoamericana (UNIBE)</subfield>
  </datafield>
  <datafield tag="910" ind1=" " ind2=" ">
    <subfield code="a">NULL</subfield>
    <subfield code="b">NULL</subfield>
  </datafield>
  <datafield tag="911" ind1=" " ind2=" ">
    <subfield code="a">["1"]</subfield>
  </datafield>
  <datafield tag="912" ind1=" " ind2=" ">
    <subfield code="a">NO APLICA</subfield>
  </datafield>
  <datafield tag="913" ind1=" " ind2=" ">
    <subfield code="a">NULL</subfield>
  </datafield>
  <datafield tag="914" ind1=" " ind2=" ">
    <subfield code="a">01 de Agosto de 2009</subfield>
  </datafield>
  <datafield tag="915" ind1=" " ind2=" ">
    <subfield code="a">22/04/14 02:04</subfield>
  </datafield>
  <datafield tag="916" ind1=" " ind2=" ">
    <subfield code="a">NULL</subfield>
  </datafield>
  <datafield tag="917" ind1=" " ind2=" ">
    <subfield code="a">NULL</subfield>
  </datafield>
  <datafield tag="918" ind1=" " ind2=" ">
    <subfield code="a">NO APLICA</subfield>
  </datafield>
  <datafield tag="919" ind1=" " ind2=" ">
    <subfield code="a">["20","27","29","43","93"]</subfield>
  </datafield>
  <datafield tag="520" ind1=" " ind2=" ">
    <subfield code="a">El objetivo principal de este estudio consisti&#xF3; en capacitar a los docentes en la aplicaci&#xF3;n de estrategia integradoras del Enfoque Funcional y Comunicativo de la Lengua, con la finalidad de atender las necesidades que presentan los alumnos/as del segundo ciclo, 7mo. Grado, secci&#xF3;n B, al momento de utilizar el lenguaje escrito de forma espontanea, en el centro Escolar Buenas Nuevas 2009-2010. La metodolog&#xED;a utilizada fue de tipo cualitativo y descriptivo. Las t&#xE9;cnicas m&#xE1;s utilizadas fueron: entrevistas, la observaci&#xF3;n, gu&#xED;a de acompa&#xF1;amiento, revisiones bibliogr&#xE1;ficas, fichas de evaluaci&#xF3;n. &#xA0;La poblaci&#xF3;n seleccionada fue de 23 alumnas/os, del segundo ciclo de la educaci&#xF3;n b&#xE1;sica 7mo. Grado, secci&#xF3;n B.Los an&#xE1;lisis realizados indicaron que luego de realizar varias visitas en el Centro Escolar, se encontraron los siguientes errores, en sus producciones escritas: omisi&#xF3;n de fonemas, sustituci&#xF3;n de fonemas, cadenas de fonemas, inversi&#xF3;n, algunas muestras de trazos convencionales incorrectos; tanto en trazos cursivos como en el script, escaso uso de los signos de puntuaci&#xF3;n y falta de coherencia en las ideas escritas.El estudio recomienda la elaboraci&#xF3;n de una propuesta de intervenci&#xF3;n siguiendo un plan cuya intenci&#xF3;n sea, capacitar a la docente sobre las estrategias que promueve el "Enfoque Funcional y Comunicativo de la Lengua", d&#xE1;ndole oportunidad al docente, de adquirir las herramientas necesarias que permitan atender con eficacia los errores que cometen los alumnos/as al escribir en forma espontanea. &#xA0;Esto ha de ser utilizado en las diferentes situaciones de comunicaci&#xF3;n, tanto en la expresi&#xF3;n oral &#xA0;como en la expresi&#xF3;n escrita.</subfield>
  </datafield>
  <datafield tag="921" ind1=" " ind2=" ">
    <subfield code="a">16</subfield>
  </datafield>
  <datafield tag="922" ind1=" " ind2=" ">
    <subfield code="a">16</subfield>
  </datafield>
  <datafield tag="923" ind1=" " ind2=" ">
    <subfield code="a">0</subfield>
  </datafield>
  <datafield tag="924" ind1=" " ind2=" ">
    <subfield code="a">NO APLICA</subfield>
  </datafield>
  <datafield tag="942" ind1=" " ind2=" ">
    <subfield code="c">Proyecto de Intervenci&#xF3;n</subfield>
  </datafield>
  <datafield tag="999" ind1=" " ind2=" ">
    <subfield code="c">190</subfield>
    <subfield code="d">190</subfield>
  </datafield>
</record>
